00923nam a2200217 a 4500008004100000020001500041050001600056100001700072245003300089246007000122260003100192300001600223350000900239500012300248650001300371650004000384650003800424995009400462999001700556952013200573120416s1997 ||||||||||||||||| || u a090831194X aHD 62.7 Wil aWild, Volker10aProfit not for profit's sake ahistory and business culture of African entrepreneurs in Zimbabwe aHararebBaobab Booksc1997 axxv, 324 p. a0.00 aGerman ed. published: Mè€unchen : Weltform Verlag, 1994. -Includes bibliographical references (p. 281-310) and index. 0aBUSINESS aEntrepreneurship--ZIMBABWE--HISTORY aSMALL BUSINESS--ZIMBABWE--HISTORY D0.00FCBU-MAIN LIBRARY (Kitwe)H1I13.95M1UDAMAGEDZMain Library Open Access Collection c54971d54971 00102lcc4070a001b001cMain Library Open Access Collectiond2022-11-30l0oHD 62.7 Wilp024038r2022-11-30w2022-11-30y002